| 000 | 00556nam a2200169Ia 4500 | ||
|---|---|---|---|
| 008 | 191130s2007##################000#0#eng## | ||
| 020 | _a9780327130437 | ||
| 040 |
_aACL _cACL |
||
| 082 | _a348.7323 UNI.8-9 | ||
| 245 |
_aAliens and nationality : 1201 - 1254a. title 8 USCS _cUnited States |
||
| 260 |
_aNew York _bLawyers Cooperative, LexisNexis _c2007 |
||
| 300 | _axxxiii,726 p.; 24 cm | ||
| 650 | _aLaw | ||
| 990 | _ae9c5d522ac10000c5172abfd593d29e5 | ||
| 991 | _a376959 | ||
| 999 |
_c240746 _d240746 |
||